Sports Quiz

Random Sports or MLB Quiz

MLB Career Highs (Active) Quiz Stats

 Plays Quiz not verified by Sporcle

Support Sporcle.
Go Orange.
Score 0/152 Timer 20:00
0 Plays Today
% Correct
Ichiro Suzuki
96.2%
Ichiro Suzuki
96.2%
Ichiro Suzuki
96.2%
Alex Rodriguez
93.4%
Alex Rodriguez
93.4%
Alex Rodriguez
93.4%
Alex Rodriguez
93.4%
Alex Rodriguez
93.4%
Alex Rodriguez
93.4%
Francisco Rodriguez
93.3%
Manny Ramirez
87.3%
Manny Ramirez
87.3%
Manny Ramirez
87.3%
Derek Jeter
87.2%
Derek Jeter
87.2%
Derek Jeter
87.2%
Ryan Howard
87.1%
Ryan Howard
87.1%
Albert Pujols
85.6%
Albert Pujols
85.6%
Albert Pujols
85.6%
David Ortiz
83.7%
David Ortiz
83.7%
Russ Ortiz
83.5%
Roy Halladay
82%
Roy Halladay
82%
Roy Halladay
82%
Roy Halladay
82%
Cliff Lee
80.9%
Cliff Lee
80.9%
Cliff Lee
80.9%
Cliff Lee
80.9%
Todd Helton
78.8%
Todd Helton
78.8%
Todd Helton
78.8%
Todd Helton
78.8%
Todd Helton
78.8%
Todd Helton
78.8%
Chipper Jones
76.2%
Andruw Jones
76.2%
CC Sabathia
75.4%
CC Sabathia
75.4%
CC Sabathia
75.3%
Prince Fielder
73.3%
Jose Bautista
73.2%
Josh Johnson
72.8%
Mariano Rivera
72.3%
Jose Reyes
71.4%
Jose Reyes
71.4%
Jimmy Rollins
70.8%
Jimmy Rollins
70.7%
% Correct
Joe Mauer
68.4%
Tim Lincecum
67.7%
Tim Lincecum
67.7%
Jim Thome
67.1%
Josh Hamilton
66.1%
Johan Santana
66%
Johan Santana
66%
Felix Hernandez
65.6%
Livan Hernandez
65.6%
Felix Hernandez
65.6%
Juan Pierre
65.1%
Juan Pierre
65.1%
Juan Pierre
65.1%
Adrian Beltre
62.7%
Zack Greinke
62.6%
Zack Greinke
62.6%
Carl Crawford
62%
Carl Crawford
62%
Chris Carpenter
61.1%
Chris Carpenter
61.1%
Chris Carpenter
61.1%
Chris Carpenter
61.1%
Chris Carpenter
61.1%
Chase Utley
60.5%
Justin Verlander
59.6%
Barry Zito
59.5%
Barry Zito
59.5%
Michael Young
57.7%
Jacoby Ellsbury
57.3%
Matt Holliday
56.7%
Roy Oswalt
56.7%
Roy Oswalt
56.7%
Rafael Soriano
56.3%
Adam Wainwright
55.9%
Mark Teixeira
55%
Dustin Pedroia
53.1%
Magglio Ordonez
53%
Magglio Ordonez
53%
Magglio Ordonez
53%
Magglio Ordonez
53%
Lance Berkman
51.5%
Miguel Tejada
51%
Curtis Granderson
51%
Miguel Tejada
51%
Jake Peavy
48%
Jake Peavy
48%
Brandon Webb
46.6%
Johnny Damon
46.4%
Johnny Damon
46.4%
Brian Wilson
46.4%
Carlos Delgado
44.5%
% Correct
Carlos Delgado
44.5%
Derek Lowe
43.1%
Derek Lowe
43.1%
Bartolo Colon
42.7%
Bartolo Colon
42.7%
Vernon Wells
42.2%
Jamie Moyer
41.2%
Jamie Moyer
41.2%
Brian Roberts
39.5%
Kerry Wood
38.9%
Michael Bourn
36.7%
Scott Podsednik
36.5%
Dontrelle Willis
34.7%
Dontrelle Willis
34.7%
Grady Sizemore
33.5%
Grady Sizemore
33.5%
Luis Castillo
33.4%
Dan Haren
33.2%
Freddie Sanchez
32.1%
Jorge Sosa
31.6%
Mark Prior
31.5%
Mark Prior
31.4%
Ben Sheets
30.9%
Ben Sheets
30.9%
Heath Bell
30.7%
Javier Vazquez
29.5%
Chone Figgins
27.3%
Chone Figgins
27.3%
Francisco Cordero
27.3%
Chad Cordero
27.1%
Shane Victorino
25%
Rafael Furcal
23.3%
Jose Valverde
21.5%
Mike Sweeney
21%
Daisuke Matsuzaka
20.8%
Scott Kazmir
19.7%
Oliver Perez
19.6%
Willy Taveras
19.5%
Clay Buchholz
19.1%
Kevin Millwood
18.3%
Brad Penny
17.6%
Jason Isringhausen
17.3%
Brian Fuentes
16.2%
Mike Hampton
15.2%
Mike Hampton
15.2%
Mike Hampton
15.2%
Carl Pavano
15.1%
Cristian Guzman
10.8%
Dexter Fowler
10.2%
Lyle Overbay
9.3%

You're not logged in!

Compare scores with friends on all Sporcle quizzes.
OR
Log In

From the Vault

'Doctor Who' Actors

by JennyMarie

We're still waiting for someone to document all the actors who played Inspector Spacetime.
Remove Ads.
Support Sporcle.
Get the best of Sporcle when you Go Orange. This ad-free experience offers more features, more stats, and more fun while also helping to support Sporcle. Thank you for becoming a member.

Show Comments

Extras

Top Quizzes Today


Score Distribution

Your Account Isn't Verified!

In order to create a playlist on Sporcle, you need to verify the email address you used during registration. Go to your Sporcle Settings to finish the process.

Report this User

Report this user for behavior that violates our Community Guidelines.

Details: